Five Highest Cannabis Using Countries by Continent - Statistics

General Stats
  • This quiz has been taken 877 times
  • The average score is 12 of 30
Answer Stats
% country % Correct
13.7 United States
96%
12.6 Canada
92%
10.6 Spain
77%
10.6 Australia
75%
14.6 Italy
72%
14.6 New Zealand
71%
7.2 Argentina
64%
4.6 Chile
63%
6.0 Uruguay
57%
4.3 Bolivia
54%
29.5 Papua New Guinea
52%
4.3 Suriname
47%
14.3 Nigeria
45%
10.8 Dominica
36%
24.2 Palau
36%
15.2 Czechia
29%
10.8 Grenada
28%
8.9 Israel
28%
5.5 Marshall Islands
28%
11.7 Saint Kitts and Nevis
27%
4.3 Afghanistan
26%
21.5 Ghana
26%
8.9 Monaco
22%
14.6 Andorra
20%
4.4 Cyprus
17%
5.4 United Arab Emirates
16%
9.1 Madagascar
11%
16.2 Sierra Leone
9%
9.5 Zambia
9%
6.4 Kyrgyzstan
5%
No matching quizzes found
Score Distribution
Percent of People with Each Score
Percentile by Number Answered
Your Score History
You have not taken this quiz